000 00757nam a2200253Ia 4500
999 _c1326
_d1326
001 16896372
003 OSt
005 20180911091012.0
008 871026s1987 ilu 000 0 eng d
020 _a0830810366
040 _aCDC
_cCDC
_dMAL
082 _a220
_a241.53
_bS888S
092 _a226.21
_bS888S
092 _a226.9
_bSt7s
100 1 _aStott, John R. W.
245 1 0 _aSermon on the mount :
_bseeking first the kingdom of God ; 13 studies for individuals or groups /
_cJohn Stott.
260 _aDowners Grove, Ill. :
_bInterVarsity,
_cc1987.
300 _a80 p. ;
_c21 cm.
490 1 _aA Lifeguide Bible study
500 _a"With notes for leaders."
630 0 0 _aSermon on the mount.
830 0 _aLifeguide Bible study.
942 _2ddc
_cBK